Systematic Theology / (Record no. 3658)

MARC details
000 -LEADER
fixed length control field 00455nam a22001697a 4500
003 - CONTROL NUMBER IDENTIFIER
control field GBCCL
005 - DATE AND TIME OF LATEST TRANSACTION
control field 20241126110459.0
008 - FIXED-LENGTH DATA ELEMENTS--GENERAL INFORMATION
fixed length control field 171130b xxu||||| |||| 00| 0 eng d
040 ## - CATALOGING SOURCE
Transcribing agency gbc
082 ## - DEWEY DECIMAL CLASSIFICATION NUMBER
Classification number VER 230.046
Item number GIN
100 ## - MAIN ENTRY--PERSONAL NAME
Personal name Ginsianthang, V.
9 (RLIN) 7258
245 ## - TITLE STATEMENT
Title Systematic Theology /
Statement of responsibility, etc. V. Ginsianthang
260 ## - PUBLICATION, DISTRIBUTION, ETC.
Place of publication, distribution, etc. New Lamka:
Name of publisher, distributor, etc. Grace Bible College,
Date of publication, distribution, etc. 2016
300 ## - PHYSICAL DESCRIPTION
Extent 95p.;
Dimensions 20 cm.
650 ## - SUBJECT ADDED ENTRY--TOPICAL TERM
Topical term or geographic name entry element Systematic Theology
9 (RLIN) 7259
942 ## - ADDED ENTRY ELEMENTS (KOHA)
Source of classification or shelving scheme Dewey Decimal Classification
Koha item type Books
Koha issues (borrowed), all copies 24
Holdings
Withdrawn status Lost status Source of classification or shelving scheme Damaged status Not for loan Collection Home library Current Library Shelving location Date acquired Total checkouts Full call number Barcode Date last seen Date last checked out Copy number Price effective from Koha item type
    Dewey Decimal Classification       GRACE BIBLE COLLEGE GRACE BIBLE COLLEGE Vernacular 2017-11-30 5 VER 230.046 GIN 014003 2025-05-01 2023-10-31 c.1 2017-11-30 Books
    Dewey Decimal Classification       GRACE BIBLE COLLEGE GRACE BIBLE COLLEGE Vernacular 2017-11-30 1 VER 230.046 GIN 014004 2025-05-01 2022-11-21 c.2 2017-11-30 Books
    Dewey Decimal Classification       GRACE BIBLE COLLEGE GRACE BIBLE COLLEGE Vernacular 2017-11-30 6 VER 230.046 GIN 014005 2025-05-01 2024-08-20 c.3 2017-11-30 Books
    Dewey Decimal Classification       GRACE BIBLE COLLEGE GRACE BIBLE COLLEGE Vernacular 2017-11-30 6 VER 230.046 GIN 014006 2025-05-01 2024-01-27 c.4 2017-11-30 Books
    Dewey Decimal Classification       GRACE BIBLE COLLEGE GRACE BIBLE COLLEGE Vernacular 2017-11-30 5 VER 230.046 GIN 014007 2025-05-01 2024-06-17 c.5 2017-11-30 Books
    Dewey Decimal Classification       GRACE BIBLE COLLEGE GRACE BIBLE COLLEGE Vernacular 2024-07-25 1 VER 230.046 GIN 016269 2025-05-01 2024-10-01 c.6 2024-07-25 Books
© Grace Bible College Library 2025